| 000 | 01049nam a2200265Ia 4500 | ||
|---|---|---|---|
| 003 | OSt | ||
| 005 | 20221005105208.0 | ||
| 006 | a|||||r|||| 00| 0 | ||
| 007 | ta | ||
| 008 | 221004b |||||||| |||| 00| 0 hin d | ||
| 020 |
_a9788179752463 (hbk) _c350 |
||
| 024 | _a19984 | ||
| 037 |
_b492, 25/03/2015, Swaraj Prakashan _cTextual |
||
| 040 |
_aCRL _cCRL _bhin |
||
| 041 |
_2hin _ahin |
||
| 082 | _aO152,6N12:g, P9 | ||
| 100 | _aपरिहार, कालूराम | ||
| 245 | 0 | _aहिन्दी आलोचना की परम्परा और रामविलास शर्मा | |
| 246 | _aHindī ālochanā kī paramparā aur rāmavilās sharmā | ||
| 260 |
_aनई दिल्ली _bअनामिका पब्लिशर्स भारत _c2009 |
||
| 300 |
_a184पृ0 _ccm. |
||
| 650 | _aहिन्दी साहित्य | ||
| 942 |
_hO152,6N12:g, P9 _cTEXL _2cc |
||
| 999 |
_c1015071 _d1015071 |
||